000 00415 a2200133 4500
001 88432
082 _aPR 647
090 _c41857
_d41857
100 _aKamran Sikandar; Zahid Jawed Butt
245 _aA Caliberation of supersonic wind tunnel B determination of CD for axially symmetric bodies in supersonic flow
260 _aKarachi
_bUniversity of Karachi
_c1970
300 _a75p.
500 _aBE Project Reports
942 _aCAE NUST
_kPR 647
999 _c323505
_d323505